Southville International School and Colleges
Your cart is empty.
  • Cart
  • Lists
    Public lists Eva Luna New books Lux_list list_1
    Your lists Log in to create your own lists
  • Log in to your account
  • Your cookies
  • Search history
Southville International School and Colleges
  • Advanced search
  • Recent comments
  • Most popular
  • Libraries

Log in to your account

Log in with GOOGLE


If you do not have an external account, but do have a local account, you can still log in:

  1. Home
  2. MARC view: Your heart /
Normal view MARC view ISBD view

Your heart / (Record no. 103338)

[ view plain ]
MARC details
000 -LEADER
fixed length control field 00458nam a2200169 a 4500
005 - DATE AND TIME OF LATEST TRANSACTION
control field 20140412111300.0
008 - FIXED-LENGTH DATA ELEMENTS--GENERAL INFORMATION
fixed length control field 000901s19uu xx 00 eng d
020 ## - INTERNATIONAL STANDARD BOOK NUMBER
International Standard Book Number 0-8136-2880-6
050 ## - LIBRARY OF CONGRESS CALL NUMBER
Classification number BB 611
Item number J698 1993
100 ## - MAIN ENTRY--PERSONAL NAME
Personal name
245 ## - TITLE STATEMENT
Title Your heart /
Statement of responsibility, etc written by Anne G. Jones.
260 ## - PUBLICATION, DISTRIBUTION, ETC. (IMPRINT)
Place of publication, distribution, etc Celveland, Ohio :
Name of publisher, distributor, etc Modern Curriculum Press,
Date of publication, distribution, etc 1992.
300 ## - PHYSICAL DESCRIPTION
Extent 16 p. ; ill.
440 ## - SERIES STATEMENT/ADDED ENTRY--TITLE
Title Concept Health
650 ## - SUBJECT ADDED ENTRY--TOPICAL TERM
Topical term or geographic name as entry element Sciences
General subdivision Heart
Holdings
Withdrawn status Lost status Damaged status Home library Current library Shelving location Date acquired Source of acquisition Total Checkouts Full call number Barcode Date last seen Price effective from Koha item type
      Elizalde Library Elizalde Library Big Books Section 09/01/2000     BB 611 J698 1993 E4524 04/12/2014 04/12/2014 Books

Your heart /

APA

, . (1992). Your heart. Celveland, Ohio: Modern Curriculum Press.

Chicago

, . 1992. Your heart. Celveland, Ohio: Modern Curriculum Press.

Harvard

, . (1992). Your heart. Celveland, Ohio: Modern Curriculum Press.

MLA

, . Your heart. Celveland, Ohio: Modern Curriculum Press. 1992.

  • Place hold
  • Print
  • Cite
  • Add to your cart (remove)
  • Save record
    BIBTEX Dublin Core MARCXML MARC (non-Unicode/MARC-8) MARC (Unicode/UTF-8) MARC (Unicode/UTF-8, Standard) MODS (XML) RIS
  • More searches
    Search for this title in:
    Other Libraries (WorldCat) Other Databases (Google Scholar) Online Stores (Bookfinder.com) Open Library (openlibrary.org)

Exporting to Dublin Core...

SOUTHVILLE LIBRARY

Southville International School and Colleges Library

1281 Tropical Ave. Cor. Luxembourg St., BF Homes International, Las Pinas City

Tel. No. 8256374 / 252358 Loc. 117/146

Powered by Koha